000 00943nam a22002295i 4500
001 154737
003 ES-MaACL
005 20251003063135.0
008 040709s1877 gw |||| | ger d
040 _aCAM
_bspa
_cCAM
100 1 _aGraetz, Heinrich,
_d1817-1891
_9127523
245 1 0 _aGeschichte der Juden von der Berbannung der Juden aus Spanien und Portugal (1496) bis zur dauernden Ansiedelung der Marranen in Holland (1618) /
_cvon H. Graetz.
250 _a2. ver. und verb. Aufl.
260 _aLeipzig :
_bOskar Leiner,
_c1877.
300 _aXI, 608 p. ;
_c21 cm.
490 1 _aGeschichte der Israeliten von den ästesten Zeiten bis auf die Gegenwart ;
_v9
650 _aJudíos-
_vHistoria.
_913994
651 4 _aIsrael-
_xHistoria.
_98858
830 0 _aGeschichte der Israeliten von den ästesten Zeiten bis auf die Gegenwart ;
_v9
_9221509
852 _aES-MaACL
_jG-2581
_z-- Enc. hol.
999 _c154737
_d154737